[Event "Mittelfrank Regionalliga Sud-West 2223"]
[Site "Mittelfranken"]
[Date "2022.12.11"]
[Round "4.7"]
[White "Lapin, Oleg"]
[Black "Jachs, Walter"]
[Result "1/2-1/2"]
[WhiteElo "1837"]
[BlackElo "1966"]
[PlyCount "52"]
[EventDate "2022.10.09"]
[EventType "team-tourn"]
[EventRounds "9"]
[EventCountry "GER"]
[SourceTitle "EXT 2024"]
[Source "ChessBase"]
[SourceDate "2023.10.10"]
[SourceVersion "1"]
[SourceVersionDate "2023.10.10"]
[SourceQuality "1"]
[WhiteTeam "Augsburg Rochade"]
[BlackTeam "Haar"]
[WhiteTeamCountry "GER"]
[BlackTeamCountry "GER"]

1. e4 c5 2. Nf3 d6 3. d4 cxd4 4. Nxd4 Nf6 5. Nc3 a6 6. Be2 e5 7. Nf5 d5 8. Ng3 d4 9. Nb1 Nc6 10. 0-0 Bd6 11. Nd2 Bc7 12. a4 Be6 13. Bc4 Qd7 14. b3 0-0 15. h3 Rab8 16. Qe2 Rfd8 17. Rd1 Ne7 18. Bxe6 Qxe6 19. Qc4 Qxc4 20. Nxc4 b5 21. axb5 axb5 22. Ra7 Rd7 23. Nb2 Nc6 24. Ra1 Nb4 25. Rd2 Bb6 26. Nd3 Nxd3 1/2-1/2

[Event "Regionalliga Sued-West 1819"]
[Site "Bayern"]
[Date "2018.12.16"]
[Round "4.8"]
[White "Lapin, Oleg"]
[Black "Brueckner, Alexander"]
[Result "0-1"]
[WhiteElo "1795"]
[BlackElo "1807"]
[PlyCount "84"]
[EventDate "2018.10.21"]
[EventType "team-tourn"]
[EventRounds "9"]
[EventCountry "GER"]
[SourceTitle "EXT 2022"]
[Source "ChessBase"]
[SourceDate "2021.10.06"]
[SourceVersion "1"]
[SourceVersionDate "2021.10.06"]
[SourceQuality "1"]
[WhiteTeam "Augsburg SK Rochade"]
[BlackTeam "Augsburg SF"]
[WhiteTeamCountry "GER"]
[BlackTeamCountry "GER"]

1. e4 c5 2. f4 d5 3. exd5 Qxd5 4. Nc3 Qd8 5. Nf3 Nc6 6. Bc4 e6 7. a3 a6 8. d3 b5 9. Ba2 Nf6 10. Be3 Bb7 11. Qe2 Nd4 12. Bxd4 cxd4 13. Ne4 Nd5 14. Bxd5 Qxd5 15. 0-0 Be7 16. Qf2 Rd8 17. Rae1 0-0 18. g4 Kh8 19. g5 f6 20. Qg3 f5 21. Ned2 g6 22. Nb3 Rfe8 23. Re2 Bf8 24. Kg2 Bg7 25. Qf2 e5 26. fxe5 Rxe5 27. Kh3 Qxf3+ 28. Qxf3 Bxf3 29. Rxe5 Bg4+ 30. Kh4 Bxe5 31. h3 Bh5 32. Re1 Re8 33. Rf1 Kg7 34. Rf2 h6 35. Nc5 a5 36. b3 hxg5+ 37. Kxg5 Bf6+ 38. Kf4 g5+ 39. Kg3 f4+ 40. Kg2 Re2 41. Nb7 f3+ 42. Kf1 Be5 0-1

[Event "Regionalliga Sued-West 1718"]
[Site "Bayern"]
[Date "2018.04.15"]
[Round "9.7"]
[White "Lapin, Oleg"]
[Black "Englert, Jan"]
[Result "0-1"]
[WhiteElo "1811"]
[BlackElo "2048"]
[PlyCount "48"]
[EventDate "2017.10.22"]
[EventType "team-tourn"]
[EventRounds "9"]
[EventCountry "GER"]
[SourceTitle "EXT 2022"]
[Source "ChessBase"]
[SourceDate "2021.10.06"]
[SourceVersion "1"]
[SourceVersionDate "2021.10.06"]
[SourceQuality "1"]
[WhiteTeam "Augsburg SK Rochade"]
[BlackTeam "Garching III"]
[WhiteTeamCountry "GER"]
[BlackTeamCountry "GER"]

1. e4 d6 2. d4 Nf6 3. Nc3 Nbd7 4. f4 e5 5. Nf3 exd4 6. Nxd4 g6 7. Bc4 Bg7 8. 0-0 0-0 9. f5 Ne5 10. Bb3 c5 11. Nf3 c4 12. Nxe5 cxb3 13. Nc4 bxc2 14. Qxd6 Ng4 15. Qf4 Qd4+ 16. Ne3 gxf5 17. exf5 Bxf5 18. Qxf5 Nxe3 19. Bxe3 Qxe3+ 20. Kh1 Bxc3 21. bxc3 Qxc3 22. Rac1 Rac8 23. Rf2 Qb2 24. Rfxc2 Qxc1+ 0-1

[Event "Regionalliga Sued-West 1718"]
[Site "Bayern"]
[Date "2018.02.25"]
[Round "7.8"]
[White "Lapin, Oleg"]
[Black "Schmidt, Thomas"]
[Result "1-0"]
[WhiteElo "1811"]
[BlackElo "1853"]
[PlyCount "107"]
[EventDate "2017.10.22"]
[EventType "team-tourn"]
[EventRounds "9"]
[EventCountry "GER"]
[SourceTitle "EXT 2022"]
[Source "ChessBase"]
[SourceDate "2021.10.06"]
[SourceVersion "1"]
[SourceVersionDate "2021.10.06"]
[SourceQuality "1"]
[WhiteTeam "Augsburg SK Rochade"]
[BlackTeam "Tuerkheim/Bad Woerishofen"]
[WhiteTeamCountry "GER"]
[BlackTeamCountry "GER"]

1. e4 d6 2. d4 Nf6 3. Nc3 c6 4. f4 Qa5 5. Bd3 e5 6. Nf3 Bg4 7. dxe5 dxe5 8. f5 b5 9. 0-0 Bc5+ 10. Kh1 Nbd7 11. h3 h5 12. Bd2 Qc7 13. Qe1 a5 14. Nh4 0-0-0 15. hxg4 hxg4 16. g3 Rh5 17. Kg2 Rdh8 18. Rh1 g5 19. fxg6 fxg6 20. Qe2 Nf8 21. Raf1 Be7 22. Be3 Qd7 23. Nxb5 cxb5 24. Bxb5 Qc7 25. Ba6+ Kd8 26. Qb5 Qxc2+ 27. Bf2 Qxe4+ 28. Kg1 N6d7 29. Bb7 Qb4 30. Qxb4 axb4 31. Kg2 Kc7 32. Be4 Bxh4 33. Rc1+ Kd8 34. gxh4 Ne6 35. Rhd1 Nf4+ 36. Kf1 Ke7 37. Rc7 Rd8 38. Bc6 Rf5 39. Bc5+ Kf6 40. Bxd7 Nd3+ 41. Bxf5 Kxf5 42. Bxb4 g3 43. Be7 Rd4 44. Bg5 Kg4 45. b3 Kh3 46. Kg1 Re4 47. Rc2 Re1+ 48. Rxe1 Nxe1 49. Rc3 e4 50. b4 Nf3+ 51. Rxf3 exf3 52. Be3 Kxh4 53. b5 g5 54. b6 1-0